| 000 | 01080nam a2200253Ia 4500 | ||
|---|---|---|---|
| 003 | Ost | ||
| 005 | 20260507074958.0 | ||
| 008 | 260507s9999||||xx |||||||||||||| ||und|| | ||
| 020 | _a9957120379 | ||
| 040 | _cfsecg | ||
| 041 | _aara | ||
| 082 | _a658 | ||
| 100 |
_aالعتيبي، ضرار _eمؤلف |
||
| 245 | 0 |
_aالعملية الإدارية مبادئ واصول وعلم وفن / _c ضرار العتيبي |
|
| 260 |
_aعمان: _bدار اليازوري العلمية, _c2007 |
||
| 300 |
_a272 صفحة؛ _bإيضاحات ؛ _c25 سم |
||
| 504 | _aببليوغرافيا:ص.267-272 | ||
| 520 | _aالعملية الإدارية،تطور الفكر الاداري والمدارس الادارية،التخطيط وصنع القرارات،التنظيم،التوجيه والقيادة،الحفز والاتصال،السلطة والمسؤولية،التنسيق،الرقابة | ||
| 653 | _aالإدارة | ||
| 653 | _aالتخطيط | ||
| 653 | _aالتنظيم | ||
| 700 |
_aالحواري، نضال _eمؤلف ثانوي |
||
| 942 | _cكتاب | ||
| 999 |
_c42048 _d42048 |
||